[Event "Fuengirola Uni rapid op"]
[Site "Fuengirola"]
[Date "2017.09.23"]
[Round "8"]
[White "Aguiar, Henrique Rui Neves"]
[Black "Mazurkiewicz, Michal"]
[Result "1-0"]
[WhiteElo "2175"]
[BlackElo "2215"]
[PlyCount "61"]
[EventDate "2017.09.21"]
[EventType "swiss (rapid)"]
[EventRounds "9"]
[EventCountry "ESP"]
[SourceTitle "CBM 180 Extra"]
[Source "ChessBase"]
[SourceDate "2017.10.06"]
[SourceVersion "1"]
[SourceVersionDate "2017.10.06"]
[SourceQuality "1"]

1. e4 d6 2. d3 g6 3. g3 Bg7 4. Bg2 c5 5. Nf3 Nc6 6. 0-0 e6 7. c3 Nge7 8. Re1 0-0 9. Nbd2 Rb8 10. Nf1 b5 11. Bf4 b4 12. d4 bxc3 13. bxc3 e5 14. dxe5 Nxe5 15. Nxe5 Bxe5 16. Bxe5 dxe5 17. Ne3 Be6 18. Bf1 Qc7 19. Bc4 Rb2 20. Qc1 Qb7 21. Bb3 Rxb3 22. axb3 Qxe4 23. Rxa7 Nd5 24. Nc4 Qf5 25. Rxe5 Qh3 26. Ne3 Qh6 27. Qe1 Nf6 28. Qd1 Bh3 29. Qf3 Ng4 30. Rd5 Nf6 31. Qxf6 1-0

[Event "Fuengirola Uni rapid op"]
[Site "Fuengirola"]
[Date "2017.09.23"]
[Round "7"]
[White "Lukovic, Vladimir"]
[Black "Aguiar, Henrique Rui Neves"]
[Result "1/2-1/2"]
[WhiteElo "2444"]
[BlackElo "2175"]
[PlyCount "122"]
[EventDate "2017.09.21"]
[EventType "swiss (rapid)"]
[EventRounds "9"]
[EventCountry "ESP"]
[SourceTitle "CBM 180 Extra"]
[Source "ChessBase"]
[SourceDate "2017.10.06"]
[SourceVersion "1"]
[SourceVersionDate "2017.10.06"]
[SourceQuality "1"]

1. e4 c5 2. Nf3 g6 3. d4 cxd4 4. Qxd4 Nf6 5. Nc3 Nc6 6. Qa4 d6 7. e5 dxe5 8. Nxe5 Qd4 9. Nc4 Bg7 10. Be3 Qg4 11. h3 Qf5 12. Bd3 Qh5 13. Be2 Qf5 14. g4 Qe6 15. Nb6 Rb8 16. Bf4 axb6 17. Bxb8 Nd5 18. Nxd5 Qxd5 19. 0-0 Bxb2 20. Rad1 Qc5 21. Bf4 0-0 22. Be3 Qe5 23. Bf3 h5 24. Rd5 Qf6 25. Qf4 Be6 26. Qxf6 Bxf6 27. Rdd1 hxg4 28. hxg4 Bxa2 29. Bxb6 Be6 30. Be3 Rc8 31. g5 Bc3 32. Bxc6 Rxc6 33. Rd8+ Kg7 34. Rb1 Rc7 35. Bd4+ Bxd4 36. Rxd4 Bf5 37. Rb2 Bxc2 38. Rdb4 Bf5 39. Rxb7 Rxb7 40. Rxb7 Kf8 41. f4 f6 42. Kf2 Kf7 43. Ke3 Ke6 44. Rb6+ Kf7 45. Kd4 Bc8 46. Rc6 Bg4 47. Ra6 Be2 48. Ra3 Bf1 49. Ra1 Bg2 50. Ra6 Bf1 51. Rb6 Be2 52. gxf6 exf6 53. Kd5 Bg4 54. Rb7+ Kf8 55. Kd6 Bh3 56. Rh7 Bg4 57. Rh8+ Kf7 58. Rh7+ Kf8 59. Rh6 Kf7 60. Rh7+ Kf8 61. Rh1 Kf7 1/2-1/2

[Event "Fuengirola Uni rapid op"]
[Site "Fuengirola"]
[Date "2017.09.22"]
[Round "5"]
[White "Tallo Dominguez, Imar"]
[Black "Aguiar, Henrique Rui Neves"]
[Result "1/2-1/2"]
[WhiteElo "2274"]
[BlackElo "2175"]
[PlyCount "92"]
[EventDate "2017.09.21"]
[EventType "swiss (rapid)"]
[EventRounds "9"]
[EventCountry "ESP"]
[SourceTitle "CBM 180 Extra"]
[Source "ChessBase"]
[SourceDate "2017.10.06"]
[SourceVersion "1"]
[SourceVersionDate "2017.10.06"]
[SourceQuality "1"]

1. e4 c5 2. Nf3 Nc6 3. d4 cxd4 4. Nxd4 g6 5. Nc3 Bg7 6. Be3 Nf6 7. Bc4 0-0 8. Bb3 d6 9. h3 Bd7 10. 0-0 Nxd4 11. Bxd4 Bc6 12. Re1 e5 13. Be3 Nxe4 14. Nd5 Nc5 15. Bc4 Ne6 16. Qd2 Qh4 17. Bf1 Rfd8 18. c3 Rd7 19. g3 Qd8 20. b4 Nc7 21. c4 b6 22. a4 Ne6 23. Bg2 Bb7 24. a5 Nd4 25. Bxd4 exd4 26. a6 Bxd5 27. Bxd5 Rc8 28. b5 Rcc7 29. Re4 Re7 30. Rae1 Bf6 31. Qf4 Kg7 32. Qf3 Re5 33. Qd3 Rce7 34. f4 Rxe4 35. Rxe4 Rxe4 36. Bxe4 Qc7 37. Bc6 Qe7 38. Kf2 Qe6 39. Bg2 h6 40. h4 Qg4 41. Bf3 Qe6 42. h5 g5 43. f5 Qe5 44. Bd5 Be7 45. Qe4 Qxe4 46. Bxe4 Kf6 1/2-1/2

[Event "Fuengirola Uni rapid op"]
[Site "Fuengirola"]
[Date "2017.09.21"]
[Round "1"]
[White "Lysyj, Igor"]
[Black "Aguiar, Henrique Rui Neves"]
[Result "1-0"]
[WhiteElo "2618"]
[BlackElo "2175"]
[PlyCount "105"]
[EventDate "2017.09.21"]
[EventType "swiss (rapid)"]
[EventRounds "9"]
[EventCountry "ESP"]
[SourceTitle "CBM 180 Extra"]
[Source "ChessBase"]
[SourceDate "2017.10.06"]
[SourceVersion "1"]
[SourceVersionDate "2017.10.06"]
[SourceQuality "1"]

1. d4 Nf6 2. Nf3 g6 3. e3 Bg7 4. Be2 0-0 5. 0-0 d6 6. c4 c6 7. Nc3 a6 8. b3 b5 9. Bb2 Nbd7 10. Qc2 Bb7 11. Rfd1 Qc7 12. Rac1 Rfd8 13. a3 bxc4 14. bxc4 c5 15. d5 e6 16. e4 exd5 17. exd5 Re8 18. Bf1 Nb6 19. Bd3 Bc8 20. h3 Bd7 21. Re1 Rab8 22. Ba1 Rxe1+ 23. Rxe1 Re8 24. Rb1 Nc8 25. Ne2 Nh5 26. g4 Bxa1 27. Rxa1 Ng7 28. Qd2 Qd8 29. Kg2 Qf6 30. Re1 h5 31. Nh2 Qh4 32. Qh6 Qf6 33. Rb1 hxg4 34. hxg4 Re7 35. Rh1 Ne8 36. Ng3 Qg7 37. Qxg7+ Kxg7 38. Rb1 Nf6 39. Be2 Ne4 40. Bd3 Nf6 41. g5 Nh5 42. Nxh5+ gxh5 43. Kg3 Re5 44. Nf3 Re8 45. Nh4 Re5 46. Nf3 Re8 47. Rb7 Ba4 48. Nh4 Ne7 49. f4 Bd1 50. f5 Kf8 51. Kf4 Bg4 52. f6 Nc8 53. g6 1-0

[Event "Varsity Oxbridge m 134th"]
[Site "London"]
[Date "2016.03.05"]
[Round "1.3"]
[White "Franklin, Samuel Gideon"]
[Black "Aguiar, Henrique Rui Neves"]
[Result "1/2-1/2"]
[WhiteElo "2300"]
[BlackElo "2186"]
[PlyCount "83"]
[EventDate "2016.03.05"]
[EventType "team-match"]
[EventRounds "1"]
[EventCountry "ENG"]
[SourceTitle "CBM 171 Extra"]
[Source "ChessBase"]
[SourceDate "2016.04.26"]
[SourceVersion "1"]
[SourceVersionDate "2016.04.26"]
[SourceQuality "1"]
[WhiteTeam "Cambridge University"]
[BlackTeam "Oxford University"]
[WhiteTeamCountry "ENG"]
[BlackTeamCountry "ENG"]

1. e4 c5 2. Nf3 Nc6 3. d4 cxd4 4. Nxd4 g6 5. c4 Nf6 6. Nc3 d6 7. Be2 Nxd4 8. Qxd4 Bg7 9. Be3 0-0 10. Qd2 Qa5 11. f3 Be6 12. Rc1 Rfc8 13. b3 a6 14. Na4 Qxd2+ 15. Kxd2 Nd7 16. g4 Rf8 17. h3 f5 18. exf5 gxf5 19. f4 Rad8 20. Nc3 Nf6 21. g5 Ne4+ 22. Nxe4 fxe4 23. Bb6 Rd7 24. Ke3 Bf5 25. Bg4 e6 26. Bxf5 exf5 27. Rhd1 Kf7 28. Rd5 Ke6 29. Rcd1 Rc8 30. a4 Bc3 31. h4 Rc6 32. Bd4 Bxd4+ 33. Kxd4 Rc5 34. h5 Rdc7 35. Kc3 Rxd5 36. Rxd5 Rc5 37. Rxc5 dxc5 38. Kd2 Kf7 39. Ke2 Kg7 40. Ke3 Kf7 41. a5 Kg7 42. Kf2 1/2-1/2

[Event "Portugal op"]
[Site "Oeiras"]
[Date "2015.09.03"]
[Round "7"]
[White "Oliveira, Maria Alice Ramos"]
[Black "Aguiar, Henrique Rui Neves"]
[Result "1/2-1/2"]
[WhiteElo "1678"]
[BlackElo "2188"]
[PlyCount "102"]
[EventDate "2015.08.30"]
[EventType "swiss"]
[EventRounds "9"]
[EventCountry "POR"]
[SourceTitle "EXT 2016"]
[Source "ChessBase"]
[SourceDate "2015.10.08"]
[SourceVersion "1"]
[SourceVersionDate "2015.10.08"]
[SourceQuality "1"]

1. e4 c5 2. Nf3 Nc6 3. Bb5 g6 4. Bxc6 bxc6 5. 0-0 Bg7 6. Re1 d6 7. c3 Nh6 8. d4 cxd4 9. cxd4 0-0 10. Nc3 Rb8 11. Rb1 f6 12. e5 Bf5 13. Ra1 Qd7 14. exf6 exf6 15. Nh4 Bg4 16. Qd3 Rfe8 17. Bxh6 Bxh6 18. b3 d5 19. Na4 Rxe1+ 20. Rxe1 Re8 21. Rxe8+ Qxe8 22. Kf1 Bf8 23. h3 Bb4 24. Nf3 Bf5 25. Qd1 Qe4 26. Nc5 Qb1 27. Qxb1 Bxb1 28. Ke2 Bxa2 29. Nd2 Kf7 30. Kd3 g5 31. Kc2 Bxd2 32. Kxd2 Bb1 33. Ke3 h5 34. f4 Bf5 35. Nb7 Kg6 36. Nc5 Bc2 37. fxg5 Kxg5 38. b4 h4 39. Ne6+ Kf5 40. Nc5 Be4 41. Kf2 Bc2 42. Ke3 Bd1 43. Kd2 Bh5 44. Ke3 Bf7 45. Nb7 Kg5 46. Nd8 Be8 47. Ne6+ Kg6 48. Kf4 Bf7 49. Nd8 Be8 50. Ne6 Bf7 51. Nd8 Be8 1/2-1/2

[Event "Portugal op"]
[Site "Oeiras"]
[Date "2015.08.31"]
[Round "2"]
[White "Aguiar, Henrique Rui Neves"]
[Black "Greenfeld, Alon"]
[Result "0-1"]
[WhiteElo "2188"]
[BlackElo "2535"]
[PlyCount "68"]
[EventDate "2015.08.30"]
[EventType "swiss"]
[EventRounds "9"]
[EventCountry "POR"]
[SourceTitle "EXT 2016"]
[Source "ChessBase"]
[SourceDate "2015.10.08"]
[SourceVersion "1"]
[SourceVersionDate "2015.10.08"]
[SourceQuality "1"]

1. e4 c5 2. Nf3 d6 3. d4 cxd4 4. Nxd4 Nf6 5. Nc3 Nc6 6. Bg5 e6 7. Qd2 Be7 8. 0-0-0 a6 9. f3 Nxd4 10. Qxd4 0-0 11. h4 b5 12. Kb1 Bb7 13. g4 Rc8 14. Bc1 Qa5 15. g5 b4 16. Ne2 Nd7 17. Ng3 d5 18. h5 Qc7 19. Qf2 Ne5 20. Bh3 Rfd8 21. f4 Nc4 22. e5 d4 23. Bg2 Ne3 24. Bxe3 dxe3 25. Qe2 Bxg2 26. Qxg2 Qc4 27. Rxd8+ Rxd8 28. Qf1 Qc6 29. Rh2 Rd4 30. b3 Qd5 31. Kb2 Bc5 32. Qxa6 Rxf4 33. Qc8+ Bf8 34. Qc7 Rg4 0-1

[Event "Portugal op"]
[Site "Oeiras"]
[Date "2015.08.30"]
[Round "1"]
[White "Stelian, Turta"]
[Black "Aguiar, Henrique Rui Neves"]
[Result "0-1"]
[WhiteElo "1905"]
[BlackElo "2188"]
[PlyCount "68"]
[EventDate "2015.08.30"]
[EventType "swiss"]
[EventRounds "9"]
[EventCountry "POR"]
[SourceTitle "EXT 2016"]
[Source "ChessBase"]
[SourceDate "2015.10.08"]
[SourceVersion "1"]
[SourceVersionDate "2015.10.08"]
[SourceQuality "1"]

1. d4 Nf6 2. Nf3 g6 3. Bf4 Bg7 4. e3 d6 5. h3 0-0 6. Be2 c5 7. c3 b6 8. 0-0 Bb7 9. Re1 Nbd7 10. Bh2 Rc8 11. Qa4 a6 12. Qb3 Qc7 13. Nbd2 Rb8 14. Bf1 b5 15. Be2 Rfc8 16. a3 Nb6 17. Ng5 Bd5 18. Qc2 h6 19. Ngf3 Qb7 20. Bd3 cxd4 21. exd4 Nc4 22. Bxc4 bxc4 23. Rab1 Rc6 24. Qa4 Rbc8 25. Qa5 Bf8 26. Qa4 Rb6 27. b4 Ne4 28. Nxe4 Bxe4 29. Qd1 Bxb1 30. Qxb1 a5 31. Qc2 axb4 32. axb4 Ra6 33. Bf4 Rca8 34. Kh2 Ra2 0-1

[Event "Budapest FS09 IM"]
[Site "Budapest"]
[Date "2014.09.15"]
[Round "10"]
[White "Erenberg, Ariel"]
[Black "Aguiar, Henrique Rui Neves"]
[Result "1/2-1/2"]
[WhiteElo "2225"]
[BlackElo "2208"]
[PlyCount "23"]
[EventDate "2014.09.06"]
[EventType "tourn"]
[EventRounds "11"]
[EventCountry "HUN"]
[EventCategory "1"]
[SourceTitle "CBM 162 Extra"]
[Source "ChessBase"]
[SourceDate "2014.10.17"]
[SourceVersion "1"]
[SourceVersionDate "2014.10.17"]
[SourceQuality "1"]

1. d4 Nf6 2. c4 e6 3. Nf3 b6 4. g3 Bb7 5. Qb3 d5 6. cxd5 Qxd5 7. e3 c5 8. Nc3 Qd8 9. Bg2 Be7 10. 0-0 cxd4 11. Nxd4 Bxg2 12. Kxg2 1/2-1/2

[Event "Budapest FS09 IM"]
[Site "Budapest"]
[Date "2014.09.14"]
[Round "9"]
[White "Aguiar, Henrique Rui Neves"]
[Black "Ekdyshman, Mikhail"]
[Result "1/2-1/2"]
[WhiteElo "2208"]
[BlackElo "2370"]
[PlyCount "54"]
[EventDate "2014.09.06"]
[EventType "tourn"]
[EventRounds "11"]
[EventCountry "HUN"]
[EventCategory "1"]
[SourceTitle "CBM 162 Extra"]
[Source "ChessBase"]
[SourceDate "2014.10.17"]
[SourceVersion "1"]
[SourceVersionDate "2014.10.17"]
[SourceQuality "1"]

1. e4 e5 2. Nf3 Nc6 3. Bb5 Bc5 4. 0-0 Qf6 5. c3 Nge7 6. Re1 0-0 7. d4 exd4 8. e5 Qg6 9. cxd4 Nxd4 10. Nxd4 Qb6 11. Be3 Bxd4 12. Bxd4 Qxb5 13. Nc3 Qa5 14. Ne4 d5 15. exd6 Nd5 16. Qh5 b6 17. a3 c6 18. b4 Qb5 19. Qg5 f6 20. Nxf6+ Nxf6 21. Bxf6 Qxg5 22. Bxg5 h6 23. Bh4 Bd7 24. Re7 Rf7 25. Rae1 Rxe7 26. Rxe7 Re8 27. Rxe8+ Bxe8 1/2-1/2

[Event "Budapest FS09 IM"]
[Site "Budapest"]
[Date "2014.09.12"]
[Round "7"]
[White "Aguiar, Henrique Rui Neves"]
[Black "Farago, Sandor"]
[Result "0-1"]
[WhiteElo "2208"]
[BlackElo "2270"]
[PlyCount "90"]
[EventDate "2014.09.06"]
[EventType "tourn"]
[EventRounds "11"]
[EventCountry "HUN"]
[EventCategory "1"]
[SourceTitle "CBM 162 Extra"]
[Source "ChessBase"]
[SourceDate "2014.10.17"]
[SourceVersion "1"]
[SourceVersionDate "2014.10.17"]
[SourceQuality "1"]

1. e4 c5 2. Nf3 e6 3. d4 cxd4 4. Nxd4 a6 5. Nc3 Nc6 6. Be3 Nf6 7. Qd2 Bb4 8. f3 d5 9. a3 Ba5 10. 0-0-0 h6 11. Nb3 Bxc3 12. Qxc3 0-0 13. e5 Nd7 14. f4 f6 15. Nc5 Nxc5 16. Bxc5 Rf7 17. Kb1 Bd7 18. Be2 fxe5 19. fxe5 Qg5 20. Bd6 Rf4 21. Rdf1 Rxf1+ 22. Rxf1 Qxg2 23. Qe3 Nd4 24. Qxd4 Qxe2 25. Qf4 Kh7 26. Rg1 Rg8 27. Qf7 Qxh2 28. Rc1 Bc8 29. Rf1 Qg2 30. Rf2 Qg6 31. Qf4 Bd7 32. Ka2 Be8 33. Qb4 Qg3 34. Rd2 Qe1 35. Qd4 Bg6 36. Rg2 Qe4 37. Qd2 Rc8 38. Kb1 Qf3 39. Rxg6 Kxg6 40. c3 Rc4 41. Ka2 Rg4 42. Qc2+ Qe4 43. Qf2 Rg2 44. Qb6 Qc4+ 45. Kb1 Qb5 0-1

[Event "Lisbon Masters"]
[Site "Lisbon"]
[Date "2014.06.14"]
[Round "8"]
[White "Aguiar, Henrique Rui Neves"]
[Black "Santos, Antonio Pereira"]
[Result "0-1"]
[WhiteElo "2173"]
[BlackElo "2243"]
[PlyCount "68"]
[EventDate "2014.06.08"]
[EventType "tourn"]
[EventRounds "9"]
[EventCountry "POR"]
[SourceTitle "CBM 160 Extra"]
[Source "ChessBase"]
[SourceDate "2014.07.01"]
[SourceVersion "1"]
[SourceVersionDate "2014.07.01"]
[SourceQuality "1"]

1. e4 c5 2. Nf3 d6 3. d4 cxd4 4. Nxd4 Nf6 5. Nc3 a6 6. Be2 e5 7. Nb3 Be7 8. Bg5 Nbd7 9. a4 0-0 10. a5 h6 11. Bh4 Re8 12. 0-0 b5 13. axb6 Qxb6 14. Bc4 Bb7 15. Bxf6 Nxf6 16. Nd5 Nxd5 17. Bxd5 a5 18. Rxa5 Rxa5 19. Nxa5 Bxd5 20. Qxd5 Qxb2 21. Qc6 Qb8 22. c4 Rc8 23. Qb5 Qa8 24. Rd1 Rc5 25. Qd7 Bf8 26. Nb7 Rxc4 27. Nd8 Rd4 28. Rf1 Qa2 29. f3 Rd2 30. Qg4 Qa7+ 31. Kh1 Qc7 32. Nxf7 Qxf7 33. Rc1 Qc4 34. Rg1 Rc2 0-1

[Event "Lisbon Masters"]
[Site "Lisbon"]
[Date "2014.06.10"]
[Round "3"]
[White "Aguiar, Henrique Rui Neves"]
[Black "Santos, Hugo Lima"]
[Result "1/2-1/2"]
[WhiteElo "2173"]
[BlackElo "2229"]
[PlyCount "227"]
[EventDate "2014.06.08"]
[EventType "tourn"]
[EventRounds "9"]
[EventCountry "POR"]
[SourceTitle "CBM 160 Extra"]
[Source "ChessBase"]
[SourceDate "2014.07.01"]
[SourceVersion "1"]
[SourceVersionDate "2014.07.01"]
[SourceQuality "1"]

1. e4 d5 2. exd5 Qxd5 3. Nc3 Qa5 4. d4 c6 5. Nf3 Nf6 6. Bc4 Bf5 7. Bd2 e6 8. Nd5 Qd8 9. Nxf6+ Qxf6 10. Qe2 Qd8 11. d5 cxd5 12. Bb5+ Nc6 13. Nd4 Be7 14. Nxc6 bxc6 15. Bxc6+ Kf8 16. Bxa8 Qxa8 17. 0-0 Qc6 18. Rac1 f6 19. Be3 Qd7 20. Rfd1 e5 21. Qd2 Be6 22. f4 d4 23. fxe5 fxe5 24. Bg5 Bc5 25. Rf1+ Kg8 26. Kh1 h6 27. Bh4 e4 28. Rce1 Bc4 29. Rf4 Bd5 30. c4 Bc6 31. Rff1 e3 32. Qa5 Qh3 33. Re2 Bb6 34. Qa3 Qg4 35. Qd6 Be4 36. Qe5 d3 37. Rf4 Qg6 38. Qxe4 Qxe4 39. Rxe4 d2 40. Re1 dxe1Q+ 41. Bxe1 Kh7 42. g3 Rd8 43. Bc3 Rd2 44. Re7 Bd4 45. Bxd4 Rxd4 46. Rxe3 Rxc4 47. Re2 Kg6 48. Kg2 Kf5 49. Kf3 a5 50. h3 h5 51. Re7 g6 52. Rb7 Rc2 53. Rb5+ Kf6 54. g4 hxg4+ 55. hxg4 a4 56. a3 Rh2 57. Ke3 Rg2 58. Kf3 Rh2 59. Ra5 Rxb2 60. g5+ Ke6 61. Rxa4 Ra2 62. Ra5 Ra1 63. Kf4 Rf1+ 64. Ke4 Rd1 65. Ra6+ Kf7 66. Rc6 Rg1 67. Kf4 Ra1 68. Ra6 Re1 69. a4 Re2 70. a5 Ra2 71. Rf6+ Kg7 72. Ra6 Kf7 73. Rf6+ Kg7 74. a6 Ra4+ 75. Kg3 Ra5 76. Kg4 Ra4+ 77. Kf3 Ra5 78. Kg4 Ra4+ 79. Kf3 Ra5 80. Rb6 Rxg5 81. Rb7+ Kh6 82. Kf4 Ra5 83. a7 Ra4+ 84. Kg3 Kh5 85. Kg2 g5 86. Kf2 Ra3 87. Kg2 Kh4 88. a8Q Rxa8 89. Rb3 Ra2+ 90. Kg1 Rc2 91. Ra3 Re2 92. Rb3 Re4 93. Ra3 Kg4 94. Rb3 Kf4 95. Ra3 Re1+ 96. Kg2 Re4 97. Rf3+ Kg4 98. Rg3+ Kh5 99. Rh3+ Kg6 100. Ra3 Re2+ 101. Kg3 Re1 102. Rb3 Kh5 103. Ra3 Rg1+ 104. Kh2 Rg4 105. Rb3 Ra4 106. Rh3+ Kg6 107. Rb3 Re4 108. Ra3 Rf4 109. Kg3 Rb4 110. Ra6+ Kh5 111. Ra3 Rg4+ 112. Kh3 Rg1 113. Kh2 Rb1 114. Kg3 1/2-1/2

[Event "Lisbon Masters"]
[Site "Lisbon"]
[Date "2014.06.10"]
[Round "4"]
[White "Diogo, Vasco Andre Marcalo"]
[Black "Aguiar, Henrique Rui Neves"]
[Result "0-1"]
[WhiteElo "2256"]
[BlackElo "2173"]
[PlyCount "142"]
[EventDate "2014.06.08"]
[EventType "tourn"]
[EventRounds "9"]
[EventCountry "POR"]
[SourceTitle "CBM 160 Extra"]
[Source "ChessBase"]
[SourceDate "2014.07.01"]
[SourceVersion "1"]
[SourceVersionDate "2014.07.01"]
[SourceQuality "1"]

1. e4 c5 2. Nf3 Nc6 3. d4 cxd4 4. Nxd4 g6 5. Nc3 Bg7 6. Be3 Nf6 7. Be2 0-0 8. 0-0 d5 9. exd5 Nb4 10. d6 Qxd6 11. Ndb5 Qb8 12. Bc5 Nc6 13. Bf3 Re8 14. Re1 Bd7 15. g3 a6 16. Nd4 Ne5 17. Nd5 Nxd5 18. Bxd5 Qc7 19. Nb3 Rad8 20. Bd4 Bc6 21. Be4 Bxe4 22. Rxe4 Nc6 23. c3 e5 24. Qe1 Re6 25. Bc5 Na5 26. Nxa5 Qxa5 27. Be3 Qd5 28. Rb4 Rd7 29. Qe2 Bf8 30. Rb6 Rxb6 31. Bxb6 Bc5 32. Bxc5 Qxc5 33. Re1 Kg7 34. h4 h5 35. a3 f6 36. Rd1 Qc6 37. Rd2 Qa4 38. Kh2 Kh7 39. Qe3 Kg7 40. b3 Qc6 41. c4 Rxd2 42. Qxd2 Qf3 43. Qd7+ Kg8 44. Qd8+ Kf7 45. Qc7+ Kg8 46. Qb6 Kf7 47. a4 Qe4 48. Qc7+ Ke6 49. Qc8+ Ke7 50. Qc5+ Ke6 51. b4 Qd4 52. Qc8+ Qd7 53. Qg8+ Kf5 54. c5 e4 55. Qb3 Qd3 56. Qb2 e3 57. fxe3 Qxe3 58. Qc2+ Qe4 59. Qxe4+ Kxe4 60. b5 axb5 61. axb5 Kd5 62. c6 bxc6 63. bxc6 Kxc6 64. Kg2 Kd5 65. Kf3 Ke5 66. Ke3 Kf5 67. Kf3 g5 68. hxg5 Kxg5 69. Kf2 Kg4 70. Kg2 f5 71. Kh2 h4 0-1

[Event "Lisbon Masters"]
[Site "Lisbon"]
[Date "2014.06.09"]
[Round "2"]
[White "Guerreiro, Nuno M"]
[Black "Aguiar, Henrique Rui Neves"]
[Result "0-1"]
[WhiteElo "2120"]
[BlackElo "2173"]
[PlyCount "80"]
[EventDate "2014.06.08"]
[EventType "tourn"]
[EventRounds "9"]
[EventCountry "POR"]
[SourceTitle "CBM 160 Extra"]
[Source "ChessBase"]
[SourceDate "2014.07.01"]
[SourceVersion "1"]
[SourceVersionDate "2014.07.01"]
[SourceQuality "1"]

1. Nf3 g6 2. g3 Bg7 3. Bg2 e5 4. d3 d5 5. c4 dxc4 6. Qa4+ Nc6 7. Qxc4 Nge7 8. Nc3 0-0 9. 0-0 Be6 10. Qa4 h6 11. Bd2 Nd4 12. b4 c6 13. Rab1 Bg4 14. Rfd1 Nxf3+ 15. exf3 Be6 16. Ne4 Qc7 17. f4 Nf5 18. fxe5 Bxe5 19. Nc5 Bd7 20. d4 Nxd4 21. Bxh6 Bf5 22. Ne4 Rfe8 23. Re1 Bg4 24. Bf4 Kg7 25. Bxe5+ Qxe5 26. Re3 Nf5 27. Ree1 Nd6 28. Qa5 Nxe4 29. Qxe5+ Rxe5 30. Rxe4 Rxe4 31. Bxe4 Re8 32. Bd3 Rd8 33. Rb3 Be6 34. Ra3 a6 35. Bc2 Rd2 36. Bb3 Bh3 37. f4 Rb2 38. Ra5 Rg2+ 39. Kh1 Rf2 40. Bc4 Rc2 0-1

[Event "EU-ch U16 23rd"]
[Site "Budva"]
[Date "2013.10.03"]
[Round "5"]
[White "Tomici, Stefan"]
[Black "Aguiar, Henrique Rui Neves"]
[Result "1-0"]
[WhiteElo "2213"]
[BlackElo "2122"]
[PlyCount "49"]
[EventDate "2013.09.29"]
[EventType "swiss"]
[EventRounds "9"]
[EventCountry "MNE"]
[SourceTitle "CBM 156 Extra"]
[Source "ChessBase"]
[SourceDate "2013.10.22"]
[SourceVersion "1"]
[SourceVersionDate "2013.10.22"]
[SourceQuality "1"]

1. e4 c5 2. Nf3 Nc6 3. c3 d5 4. exd5 Qxd5 5. d4 Bf5 6. Be3 cxd4 7. cxd4 Bxb1 8. Rxb1 0-0-0 9. a3 Nf6 10. Be2 Ng4 11. 0-0 Nxe3 12. fxe3 e6 13. b4 Bd6 14. b5 Ne7 15. Qc2+ Kb8 16. e4 Qh5 17. b6 Ka8 18. e5 Nd5 19. exd6 Rxd6 20. bxa7 Nf4 21. Qe4 Nxe2+ 22. Qxe2 Rhd8 23. Rb5 Rd5 24. Rfb1 R8d7 25. Qc4 1-0

[Event "EU-ch U16 23rd"]
[Site "Budva"]
[Date "2013.09.30"]
[Round "2"]
[White "Aguiar, Henrique Rui Neves"]
[Black "Fraser, John"]
[Result "1-0"]
[WhiteElo "2122"]
[BlackElo "1862"]
[PlyCount "69"]
[EventDate "2013.09.29"]
[EventType "swiss"]
[EventRounds "9"]
[EventCountry "MNE"]
[SourceTitle "CBM 156 Extra"]
[Source "ChessBase"]
[SourceDate "2013.10.22"]
[SourceVersion "1"]
[SourceVersionDate "2013.10.22"]
[SourceQuality "1"]

1. e4 c5 2. Nf3 d6 3. d4 cxd4 4. Nxd4 Nf6 5. Nc3 g6 6. Be3 Bg7 7. f3 0-0 8. Qd2 Nc6 9. 0-0-0 d5 10. Qe1 e5 11. Nxc6 bxc6 12. exd5 Nxd5 13. Bc4 Be6 14. Ne4 Qc7 15. Bc5 Rfd8 16. h4 h6 17. g4 Nf4 18. Bd6 Qb6 19. Bxe6 Nxe6 20. g5 Nd4 21. Rd3 Rd7 22. Qd2 h5 23. Kb1 Rb7 24. c3 Nb5 25. Bc5 Qa5 26. Ka1 Rab8 27. Rd1 Nc7 28. Rd8+ Rxd8 29. Qxd8+ Kh7 30. Nd6 Rxb2 31. Kxb2 Qxc5 32. Qxc7 e4 33. Nxe4 Qb4+ 34. Kc1 Qa3+ 35. Kb1 1-0

[Event "POR-chT"]
[Site "Porto"]
[Date "2013.08.18"]
[Round "2.1"]
[White "Ferreira, Jorge Viterbo"]
[Black "Aguiar, Henrique Rui Neves"]
[Result "1-0"]
[WhiteElo "2390"]
[BlackElo "2107"]
[PlyCount "95"]
[EventDate "2013.08.18"]
[EventType "team-tourn"]
[EventRounds "9"]
[EventCountry "POR"]
[SourceTitle "CBM 156 Extra"]
[Source "ChessBase"]
[SourceDate "2013.10.22"]
[SourceVersion "1"]
[SourceVersionDate "2013.10.22"]
[SourceQuality "1"]
[WhiteTeam "Dias Ferreira"]
[BlackTeam "Galitos"]
[WhiteTeamCountry "POR"]
[BlackTeamCountry "POR"]

1. c4 Nf6 2. Nc3 g6 3. g3 Bg7 4. Bg2 0-0 5. e4 d6 6. Nge2 c5 7. 0-0 Nc6 8. d3 a6 9. h3 Ne8 10. Be3 Nd4 11. Rb1 Nc7 12. b4 Nce6 13. f4 Rb8 14. a4 Bd7 15. f5 Nxe2+ 16. Nxe2 Nd4 17. Nxd4 Bxd4 18. Bxd4 cxd4 19. Ra1 a5 20. b5 Qc7 21. Qd2 b6 22. h4 Qc5 23. Bh3 Qe5 24. Kh2 Rbd8 25. Rf3 Bc8 26. Raf1 Kg7 27. f6+ exf6 28. Bxc8 Rxc8 29. Rxf6 Rce8 30. Qf2 Re7 31. Kh3 Rd7 32. g4 Rc7 33. g5 Re7 34. Rxd6 Qxd6 35. Qf6+ Qxf6 36. gxf6+ Kg8 37. fxe7 Re8 38. Rf6 Rxe7 39. Rxb6 f5 40. exf5 gxf5 41. Kg3 Re3+ 42. Kf4 Rxd3 43. Rd6 Kf7 44. Kxf5 Ke7 45. Rd5 Ra3 46. b6 Rb3 47. c5 Rb4 48. Ke5 1-0

[Event "POR-ch U16"]
[Site "Braga"]
[Date "2013.08.04"]
[Round "3.2"]
[White "Valente, Joao Nuno Baptista"]
[Black "Aguiar, Henrique Rui Neves"]
[Result "0-1"]
[WhiteElo "1663"]
[BlackElo "2107"]
[PlyCount "38"]
[EventDate "2013.08.02"]
[EventType "swiss"]
[EventRounds "7"]
[EventCountry "POR"]
[SourceTitle "EXT 2015"]
[Source "ChessBase"]
[SourceDate "2014.11.20"]
[SourceVersion "1"]
[SourceVersionDate "2014.11.20"]
[SourceQuality "1"]

1. e4 c5 2. Nf3 Nc6 3. c3 Nf6 4. e5 Nd5 5. d4 cxd4 6. cxd4 e6 7. Nc3 Nxc3 8. bxc3 d6 9. Bd3 dxe5 10. dxe5 Qa5 11. 0-0 Be7 12. Be3 0-0 13. Bg5 Bxg5 14. Nxg5 h6 15. f4 Qxc3 16. Qf3 Qd4+ 17. Kh1 hxg5 18. Qh3 g6 19. Rad1 Qc5 0-1

[Event "POR-ch U16"]
[Site "Braga"]
[Date "2013.08.03"]
[Round "2.2"]
[White "Aguiar, Henrique Rui Neves"]
[Black "Bernardo, Daniel Madureira"]
[Result "1-0"]
[WhiteElo "2107"]
[BlackElo "1656"]
[PlyCount "51"]
[EventDate "2013.08.02"]
[EventType "swiss"]
[EventRounds "7"]
[EventCountry "POR"]
[SourceTitle "EXT 2015"]
[Source "ChessBase"]
[SourceDate "2014.11.20"]
[SourceVersion "1"]
[SourceVersionDate "2014.11.20"]
[SourceQuality "1"]

1. e4 c6 2. Nf3 d5 3. Nc3 dxe4 4. Nxe4 Bg4 5. h3 Bh5 6. Ng3 Bg6 7. h4 h6 8. Ne5 Qd6 9. Nxg6 Qxg6 10. d4 Nd7 11. c3 0-0-0 12. Qa4 e5 13. Qxa7 exd4 14. Bf4 Re8+ 15. Be2 Bd6 16. Qxd4 Be5 17. Bxe5 Rxe5 18. 0-0-0 Qe6 19. Bg4 f5 20. Nxf5 Rd5 21. Qxg7 Rxf5 22. Rhe1 Qf7 23. Qxh8 Rxf2 24. Bxd7+ Kb8 25. Qe5+ Ka7 26. Qa5+ 1-0